| 000 | 00758nam a2200253Ia 4500 | ||
|---|---|---|---|
| 003 | OSt | ||
| 005 | 20221005105716.0 | ||
| 006 | a|||||r|||| 00| 0 | ||
| 007 | ta | ||
| 008 | 221004b |||||||| |||| 00| 0 hin d | ||
| 024 | _a32170 | ||
| 037 | _cTextual | ||
| 040 |
_aCRL _cCRL _bhin |
||
| 041 |
_2hin _ahin |
||
| 082 | _aO152,3x, N1 | ||
| 100 | _aकमलेश्वर, संपा. | ||
| 245 | 0 | _aकथावृत | |
| 246 | _aKathāvṛuta | ||
| 260 |
_aनई दिल्ली _bशारदा प्रकाशन _c1991 |
||
| 300 |
_a212पृ. _ccm. |
||
| 650 | _aहिन्दी कहानी | ||
| 942 |
_hO152,3x, N1 _cTEXL _2cc |
||
| 999 |
_c1016651 _d1016651 |
||